| 000 -CABECERA |
| fixed length control field |
02413nam a22004337i 4500 |
| 003 - IDENTIFICADOR DEL NÚMERO DE CONTROL |
| control field |
AR-CdUCM |
| 008 - DATOS DE LONGITUD FIJA--INFORMACIÓN GENERAL |
| fixed length control field |
260429b2023 pe d|||| |||| 00| 0 spa d |
| 020 ## - NÚMERO INTERNACIONAL ESTÁNDAR DEL LIBRO |
| ISBN |
978-612-49351-5-2 |
| 040 ## - FUENTE DE LA CATALOGACIÓN |
| Agencia/entidad que catalogó originalmente la obra |
MUNICIPALIDAD PROVINCIAL DEL CUSCO |
| Entidad que transcribió la catalogación |
BIBLIOTECA MUNICIPAL DEL CUSCO |
| 082 ## - NÚMERO DE LA CLASIFICACIÓN DECIMAL DEWEY |
| No. de Clasificación |
616.89 |
| Notacion interna |
C35 / t.1 |
| 100 ## - ENTRADA PRINCIPAL--NOMBRE DE PERSONA |
| Nombre Personal |
Castro Morales, Jorge - Vargas Murga, Horacio |
| 245 ## - MENCIÓN DE TÍTULO |
| Título |
Desarrollo biopsicosocial en niños y adolescentes / |
| 260 ## - PUBLICACIÓN, DISTRIBUCIÓN, ETC. |
| Lugar de publicación, distribución, etc. |
Perú : |
| Nombre de la editorial, distribuidor, etc. |
Fondo Editorial Cayetano |
| Fecha de publicación, distribución, etc. |
2023 |
| 300 ## - DESCRIPCIÓN FÍSICA |
| Nº de Páginas Extensión |
220 páginas. : |
| Dimensiones |
17x24 cm. |
| 500 ## - NOTA GENERAL |
| Bibliografía |
Bibliografía : páginas del 27 - 29, 41 - 43 |
| 505 ## - NOTA DE CONTENIDO CON FORMATO |
| Nota de contenido formateada |
Introducción al desarrollo biopsicosocial -- Bases conceptuales del desarrollo humano -- Fundamentos neurobiológicos del desarrollo infantil -- Influencia genética en el desarrollo -- Neurofisiología del crecimiento y maduración -- Desarrollo prenatal y perinatal -- Desarrollo en la primera infancia -- Desarrollo en la etapa preescolar -- Desarrollo en la etapa escolar -- Desarrollo en la adolescencia -- Formación de la personalidad -- Vínculos afectivos y apego -- Procesos de socialización -- Desarrollo emocional y cognitivo -- Factores de riesgo psicosocial -- Trastornos del desarrollo infantil -- Salud mental en niños y adolescentes -- Intervenciones en el desarrollo biopsicosocial -- Prevención y promoción de la salud mental -- Rol de la familia y la comunidad |
| 650 ## - PUNTO DE ACCESO ADICIONAL DE MATERIA--TÉRMINO DE MATERIA |
| Descriptor |
Desarrollo infantil |
| 9 (RLIN) |
25147 |
| 650 ## - PUNTO DE ACCESO ADICIONAL DE MATERIA--TÉRMINO DE MATERIA |
| Descriptor |
Adolescencia |
| 9 (RLIN) |
127 |
| 650 ## - PUNTO DE ACCESO ADICIONAL DE MATERIA--TÉRMINO DE MATERIA |
| Descriptor |
Psicología del desarrollo |
| 9 (RLIN) |
52761 |
| 650 ## - PUNTO DE ACCESO ADICIONAL DE MATERIA--TÉRMINO DE MATERIA |
| Descriptor |
Salud mental infantil |
| 9 (RLIN) |
52814 |
| 650 ## - PUNTO DE ACCESO ADICIONAL DE MATERIA--TÉRMINO DE MATERIA |
| Descriptor |
Psiquiatría infantil |
| 9 (RLIN) |
52815 |
| 650 ## - PUNTO DE ACCESO ADICIONAL DE MATERIA--TÉRMINO DE MATERIA |
| Descriptor |
Desarrollo biopsicosocial |
| 9 (RLIN) |
52816 |
| 700 ## - PUNTO DE ACCESO ADICIONAL--NOMBRE DE PERSONA |
| Nombre Personal |
Alvarado Merino, Rosa |
| 9 (RLIN) |
52817 |
| 700 ## - PUNTO DE ACCESO ADICIONAL--NOMBRE DE PERSONA |
| Nombre Personal |
Coloma Manrique, Héctor Manuel |
| 9 (RLIN) |
52818 |
| 700 ## - PUNTO DE ACCESO ADICIONAL--NOMBRE DE PERSONA |
| Nombre Personal |
Guillén Pinto, Daniel |
| 9 (RLIN) |
52819 |
| 700 ## - PUNTO DE ACCESO ADICIONAL--NOMBRE DE PERSONA |
| Nombre Personal |
Jhery Gutiérrez, Sofia Rebeca |
| 9 (RLIN) |
52820 |
| 700 ## - PUNTO DE ACCESO ADICIONAL--NOMBRE DE PERSONA |
| Nombre Personal |
Macher Ostolaza, Enrique Dagoberto |
| 9 (RLIN) |
52821 |
| 700 ## - PUNTO DE ACCESO ADICIONAL--NOMBRE DE PERSONA |
| Nombre Personal |
Medina Alva, María del Pilar |
| 9 (RLIN) |
52822 |
| 700 ## - PUNTO DE ACCESO ADICIONAL--NOMBRE DE PERSONA |
| Nombre Personal |
Ochoa Torres, Carlos |
| 9 (RLIN) |
52823 |
| 700 ## - PUNTO DE ACCESO ADICIONAL--NOMBRE DE PERSONA |
| Nombre Personal |
Santiago Gómez, Jorge Luis |
| 9 (RLIN) |
52824 |
| 700 ## - PUNTO DE ACCESO ADICIONAL--NOMBRE DE PERSONA |
| Nombre Personal |
Sullcahuaman Allende, Yasser Ciro |
| 9 (RLIN) |
52825 |
| 700 ## - PUNTO DE ACCESO ADICIONAL--NOMBRE DE PERSONA |
| Nombre Personal |
Strobbe Barbat, Mariella Francesca |
| 9 (RLIN) |
52826 |
| 700 ## - PUNTO DE ACCESO ADICIONAL--NOMBRE DE PERSONA |
| Nombre Personal |
Vargas Suárez, Horacio Kenneth |
| 9 (RLIN) |
52827 |
| 700 ## - PUNTO DE ACCESO ADICIONAL--NOMBRE DE PERSONA |
| Nombre Personal |
Vivar Cuba, Roxana |
| 9 (RLIN) |
52828 |
| 856 ## - LOCALIZACIÓN Y ACCESO ELECTRÓNICOS |
| Dirección electrónica |
https://fondoeditorial.cayetano.edu.pe |
| 942 ## - ELEMENTOS DE PUNTO DE ACCESO ADICIONAL (KOHA) |
| Fuente de clasificación |
|
| Tipo de item |
Libros-BMC |
| 945 ## - PROCESAMIENTO DE INFORMACIÓN LOCAL (OCLC) |
| Catalogador |
esh |
| AAAA-MM-DD - Fecha de ingreso o modificacion |
29-04-2026 |